| 000 | 00343nam a2200145Ia 4500 | ||
|---|---|---|---|
| 008 | 191201s2012 xx 000 0 und d | ||
| 082 |
_a519.86 _bGRS |
||
| 100 | _aGRANT, Eugene L | ||
| 245 | 0 | _aStatistical Quality Control | |
| 250 | _a17th Rep | ||
| 260 |
_aN. Delhi _bTMH _c2012 |
||
| 300 | _a764 | ||
| 650 | _aM.Tech (ME) | ||
| 942 |
_2ddc _cBK |
||
| 999 |
_c5240 _d5240 |
||